The precious treasury of the fundamental nature. (Record no. 10464)

MARC details
000 -LEADER
fixed length control field 00397nam a22001337a 4500
008 - FIXED-LENGTH DATA ELEMENTS--GENERAL INFORMATION
fixed length control field 240925b |||||||| |||| 00| 0 eng d
020 ## - INTERNATIONAL STANDARD BOOK NUMBER
International Standard Book Number 9781611809336
082 ## - DEWEY DECIMAL CLASSIFICATION NUMBER
Classification number 294.382 PAD
110 ## - MAIN ENTRY--CORPORATE NAME
Corporate name or jurisdiction name as entry element Padmakara Translation Group.
245 ## - TITLE STATEMENT
Title The precious treasury of the fundamental nature.
260 ## - PUBLICATION, DISTRIBUTION, ETC.
Place of publication, distribution, etc. Colorado :
Name of publisher, distributor, etc. Shambhala Publication,
Date of publication, distribution, etc. 2021.
300 ## - PHYSICAL DESCRIPTION
Extent xv, 301 p.
Other physical details ill. ;
Dimensions 22 cm.
942 ## - Added entry Elements (Koha)
Source of classification or shelving scheme Dewey Decimal Classification
Holdings
Withdrawn status Lost status Source of classification or shelving scheme Damaged status Not for loan Collection code Home library Current library Shelving location Date acquired Inventory number Full call number Barcode Date last seen Price effective from Koha item type Public note
    Dewey Decimal Classification     Main TEST RTC Library RTC Library Main opac 11/08/2025 19752 294.382 PAD 30020970 11/08/2025 11/08/2025 Main Donated by Her Majesty Gyalyum Kesang Choeden Wangchuck.
Royal Thimphu College || All Right Reserved